000 01250nam0a22003011 4500
001 RU\INFOCOMM_327\NLR\5000051279
005 20250613111918.0
035 _a(NLR Aleph) 009598949
090 _a9298328
_c9298328
100 _a20130306d1982 |||y0rusy50 ca
101 1 _aeng
102 _aRU
105 _ay z |||||
200 1 _aAnd what have you got?
_eA set of teaching aids
_eThe teacher's man
_fI. S. Nemchyonok, S. V. Kologrivova
_g[Transl.: Polyakov Y. M.]
210 _aM.
_cRuss. lang.
_d1982
215 _a22 с.
_d29 см
225 1 _aРусский язык - детям
300 _aВ вып. дан.: Книга для взрослых к учебному комплексу "А что у вас?": (Для говорящих на англ. яз.) / Ирина Семеновна Немченок, Светлана Валентиновна Кологривова
620 _aМосква
686 _aЧ426.132(3)Анг.-216
_2rubbk
700 1 _9z02790
_aNemčenok
_bI. S.
_gIrina Semenovna
701 1 _aKologrivova
_bS. V.
_gSvetlana Valentinovna
790 1 _9z02700
_aNemchyonok
_bI. S.
_4070
801 1 _aRU
_bInfocomm
_c20130306
801 0 _aRU
_bINFOCOMM
_gPSBO
852 _aNLR
_jПр21 Д-8/40
942 _cBOOK
980 _aNB